| 000 | 00359nam a22001457a 4500 | ||
|---|---|---|---|
| 020 | _qHB. | ||
| 040 | _cFIZZA ISHAQ | ||
| 082 |
_a624.1823 _bMIC |
||
| 100 |
_aBRUNEAU, MICHEL. _990543 |
||
| 245 |
_aDUCTILE DESIGN OF STEEL STRUCTURE / _cMICHEL BRUNEAU. |
||
| 250 | _a2nd ED. | ||
| 260 |
_bMC GRAW HILL, _c2011. |
||
| 300 | _a905 P. ; | ||
| 942 |
_2ddc _cBK |
||
| 999 |
_c588708 _d588708 |
||